Reading, writing and learning in ESL: a resource book for K-8 teachers
Tallennettuna:
| Päätekijät: | , |
|---|---|
| Aineistotyyppi: | Kirja |
| Kieli: | englanti |
| Julkaistu: |
Nueva York
Longman
1993
|
| Aiheet: | |
| Tagit: |
Lisää tagi
Ei tageja, Lisää ensimmäinen tagi!
|
MARC
| LEADER | 00000nam a2200000 a 4500 | ||
|---|---|---|---|
| 001 | UCK6066 | ||
| 003 | CL-VaPUC | ||
| 008 | 050902e19930000US |||||||||||||||||eng|d | ||
| 020 | |a 0801308445 | ||
| 082 | 0 | 4 | |a 428 |b PER |2 21 |
| 100 | 0 | |a Peregoy, Suzanne F |e author |9 495172 | |
| 700 | 0 | |a Boyle, Owen F |e author |9 495173 | |
| 245 | 1 | 0 | |a Reading, writing and learning in ESL: a resource book for K-8 teachers |
| 300 | |a 222 p | ||
| 942 | |c BK | ||
| 945 | |d 20050902 00:00:00 |a jcarroza | ||
| 260 | |a Nueva York |b Longman |c 1993 | ||
| 650 | 0 | |a Inglés |9 260023 | |
| 650 | 0 | |a Enseñanza y aprendizaje |9 392086 | |
| 650 | 0 | |a Bilingüismo |9 307482 | |
| 583 | |a last modification |c 20050902 00:00:00 |k Rodrigo Vera | ||
| 999 | |c 314461 |d 314459 | ||
| 952 | |0 0 |1 1 |4 0 |6 428_000000000000000_PER_1993 |7 0 |8 A |9 386729 |a BIBEDU |b BIBEDU |d 2019-11-22 |i 4159691 |o 428 PER 1993 |p 4159691 |r 2019-11-22 |w 2019-11-22 |y BK |k PSI | ||